Accelerating new food product design and development / (Record no. 22229)
[ view plain ]
| 000 -LEADER | |
|---|---|
| fixed length control field | 00839nam a2200277#a 4500 |
| 001 - CONTROL NUMBER | |
| control field | 00588 |
| 003 - CONTROL NUMBER IDENTIFIER | |
| control field | HDC |
| 007 - PHYSICAL DESCRIPTION FIXED FIELD--GENERAL INFORMATION | |
| fixed length control field | ta |
| 008 - FIXED-LENGTH DATA ELEMENTS--GENERAL INFORMATION | |
| fixed length control field | 230623s2007 xx 000 0 eng d |
| 020 ## - INTERNATIONAL STANDARD BOOK NUMBER | |
| International Standard Book Number | 9780813808093 (hbk.). |
| 040 ## - CATALOGING SOURCE | |
| Original cataloging agency | HDC |
| 050 ## - LIBRARY OF CONGRESS CALL NUMBER | |
| Classification number | HD 9005 |
| Item number | .A62 2007 |
| 245 #0 - TITLE STATEMENT | |
| Title | Accelerating new food product design and development / |
| Statement of responsibility, etc. | editos Jacqueline H. Beckley [et al.]. |
| 264 ## - PRODUCTION, PUBLICATION, DISTRIBUTION, MANUFACTURE, AND COPYRIGHT NOTICE | |
| Place of production, publication, distribution, manufacture | Ames, Iowa : |
| Name of producer, publisher, distributor, manufacturer | Blackwell Pub. : |
| Date of production, publication, distribution, manufacture, or copyright notice | 2007 |
| 264 ## - PRODUCTION, PUBLICATION, DISTRIBUTION, MANUFACTURE, AND COPYRIGHT NOTICE | |
| Name of producer, publisher, distributor, manufacturer | IFT Press, |
| 300 ## - PHYSICAL DESCRIPTION | |
| Extent | xv,377p. : |
| Other physical details | ill. ; |
| Dimensions | 24cm. |
| 490 ## - SERIES STATEMENT | |
| Series statement | IFT Press |
| 500 ## - GENERAL NOTE | |
| General note | Includes bibliographical references and index. |
| 650 ## - SUBJECT ADDED ENTRY--TOPICAL TERM | |
| Topical term or geographic name entry element | Food industry and trade |
| General subdivision | Research |
| Geographic subdivision | United States. |
| 650 ## - SUBJECT ADDED ENTRY--TOPICAL TERM | |
| Topical term or geographic name entry element | Food industry and trade |
| Geographic subdivision | United States |
| General subdivision | Marketing. |
| 700 ## - ADDED ENTRY--PERSONAL NAME | |
| Personal name | Beckley, Jacqueline H. |
| 942 ## - ADDED ENTRY ELEMENTS (KOHA) | |
| Source of classification or shelving scheme | Library of Congress Classification |
| 942 ## - ADDED ENTRY ELEMENTS (KOHA) | |
| Koha item type | Book |
| 942 ## - ADDED ENTRY ELEMENTS (KOHA) | |
| Call number prefix | HD 9005 |
| 942 ## - ADDED ENTRY ELEMENTS (KOHA) | |
| Call number suffix | .A62 2007 |
| Withdrawn status | Lost status | Source of classification or shelving scheme | Damaged status | Not for loan | Collection | Home library | Current library | Shelving location | Date acquired | Total checkouts | Full call number | Barcode | Date last seen | Price effective from | Koha item type |
|---|---|---|---|---|---|---|---|---|---|---|---|---|---|---|---|
| Library of Congress Classification | Non-fiction | Halal Development Corporation Library | Halal Development Corporation Library | Open Shelves | 17/11/2020 | HD 9005 .A62 2007 | HDC 0000260 | 24/05/2023 | 24/05/2023 | Book |
